[Event "Hofheim Spring op-B 6th"]
[Site "Hofheim"]
[Date "2018.04.06"]
[Round "6"]
[White "Kramer, Wolfgang"]
[Black "Marsland, Stephen J"]
[Result "1/2-1/2"]
[WhiteElo "1972"]
[BlackElo "1900"]
[PlyCount "83"]
[EventDate "2018.04.03"]
[EventType "swiss"]
[EventRounds "9"]
[EventCountry "GER"]
[SourceTitle "EXT 2020"]
[Source "ChessBase"]
[SourceDate "2019.10.17"]
[SourceVersion "1"]
[SourceVersionDate "2019.10.17"]
[SourceQuality "1"]

1. e4 c5 2. Nf3 a6 3. c3 d5 4. exd5 Qxd5 5. d4 e6 6. Be2 Nf6 7. 0-0 Be7 8. Ne5 0-0 9. Be3 cxd4 10. cxd4 Nbd7 11. Bf3 Qa5 12. Nc4 Qc7 13. Nbd2 Nd5 14. a4 N7f6 15. Bg5 Nb4 16. Bh4 Qf4 17. Nb6 Qxh4 18. Nxa8 Qxd4 19. Ne4 Qa7 20. Nxf6+ gxf6 21. Nc7 b6 22. Rc1 Rd8 23. Qb3 Nd3 24. Rc3 Nc5 25. Qc2 Qxc7 26. b4 Qf4 27. Rc4 Qe5 28. bxc5 bxc5 29. Re4 Qc7 30. Rb1 f5 31. Rc4 a5 32. Qb2 Ba6 33. Rcc1 Bg5 34. Rd1 Rxd1+ 35. Bxd1 Bd3 36. Qb8+ Qxb8 37. Rxb8+ Kg7 38. Ra8 Bd2 39. Rd8 c4 40. Be2 Bg5 41. Bxd3 Bxd8 42. Bxc4 1/2-1/2